| 000 | 00480nam a2200181Ia 4500 | ||
|---|---|---|---|
| 003 | IN-BaIIA | ||
| 008 | 211028s9999 xx 000 0 eng d | ||
| 020 | _a3-11-017072-8 | ||
| 040 | _cIIA Library | ||
| 080 |
_a528.2 _bTOR |
||
| 100 |
_aTorge, Wolfgang _929844 |
||
| 245 | 0 |
_aGeodesy _cWolfgang Torge |
|
| 250 | _a3rd ed. | ||
| 260 |
_aBerlin _bWalter De Gruyter _c2001 |
||
| 300 | _axv, 416p. | ||
| 650 | _aGeodesy | ||
| 942 | _cBK | ||
| 999 |
_c16128 _d16128 |
||